Simulation-based inference in econometrics : (Record no. 14650)

000 -LEADER
fixed length control field 00683cam a22002054a 4500
020 ## - INTERNATIONAL STANDARD BOOK NUMBER
ISBN 0521591120
040 ## - CATALOGING SOURCE
Transcribing agency DLC
082 00 - DEWEY DECIMAL CLASSIFICATION NUMBER
Classification number 330 CAM 2000 A069 Or.
100 1# - MAIN ENTRY--AUTHOR NAME
Personal name Mariano, Roberto S.
245 10 - TITLE STATEMENT
Title Simulation-based inference in econometrics :
Remainder of title methods and applications /
260 ## - PUBLICATION, DISTRIBUTION, ETC. (IMPRINT)
Place of publication Cambridge, England ;
-- New York :
Name of publisher Cambridge University Press,
Year of publication 2000.
300 ## - PHYSICAL DESCRIPTION
Number of Pages x, 462 p. :
Other physical details ill. ;
Dimensions 24 cm.
650 #0 - SUBJECT ADDED ENTRY--TOPICAL TERM
Topical Term Econometric models.
650 #0 - SUBJECT ADDED ENTRY--TOPICAL TERM
Topical Term Economics
700 1# - ADDED ENTRY--PERSONAL NAME
Personal name Schuermann, Til.
700 1# - ADDED ENTRY--PERSONAL NAME
Personal name Weeks, Melvyn J.
856 42 - ELECTRONIC LOCATION AND ACCESS
Uniform Resource Identifier http://www.loc.gov/catdir/description/cam029/98035993.html
856 41 - ELECTRONIC LOCATION AND ACCESS
Uniform Resource Identifier http://www.loc.gov/catdir/toc/cam022/98035993.html
942 ## - ADDED ENTRY ELEMENTS (KOHA)
Koha item type សៀវភៅភាសាអង់គ្លេស
952 ## - LOCATION AND ITEM INFORMATION (KOHA)
Withdrawn status [LOCAL, KOHA] 0
Holdings
Permanent Location Date acquired Koha item type Lost status Shelving location Barcode Current Location Full call number
Library Block A2017-10-24សៀវភៅភាសាអង់គ្លេស A069A07161Library Block A330 CAM 2000 A069 Or.
មជ្ឈមណ្ឌលឯការនៃសាកលវិទ្យាល័យភូមិន្ទកសិកម្មចំការដូង

Powered by Koha